[Event "OP-2013-0-02866"]
[Site "LSS email"]
[Date "2013.07.07"]
[Round "?"]
[White "Marques, Paulo M"]
[Black "Ederer, Karel"]
[Result "0-1"]
[WhiteElo "910"]
[BlackElo "2005"]
[PlyCount "36"]
[EventDate "2013.07.03"]
[EventType "tourn (corr)"]
[EventRounds "4"]
[EventCountry "GER"]
[SourceTitle "Corr 2015"]
[Source "ChessBase"]
[SourceDate "2015.07.17"]
[SourceVersion "1"]
[SourceVersionDate "2015.07.17"]
[SourceQuality "1"]

1. e4 Nf6 2. Nc3 e5 3. Nf3 Nc6 4. a3 Be7 5. Bc4 Nxe4 6. Nxe4 d5 7. Bxd5 Qxd5 8. Nc3 Qe6 9. Nb5 0-0 10. Nxc7 Qg6 11. Nxa8 e4 12. c3 exf3 13. Qxf3 Ne5 14. Qe3 Qxg2 15. Qxe5 Bg4 16. Rf1 Qf3 17. Qxg7+ Kxg7 18. Rg1 Qd1# 0-1

[Event "OP-2013-0-02866"]
[Site "LSS email"]
[Date "2013.07.07"]
[Round "?"]
[White "Marques, Paulo M"]
[Black "Vontina, Maria"]
[Result "0-1"]
[WhiteElo "910"]
[BlackElo "772"]
[PlyCount "47"]
[EventDate "2013.07.03"]
[EventType "tourn (corr)"]
[EventRounds "4"]
[EventCountry "GER"]
[SourceTitle "Telechess CBM 161"]
[Source "ChessBase"]
[SourceDate "2014.07.16"]
[SourceVersion "1"]
[SourceVersionDate "2014.07.16"]
[SourceQuality "1"]

1. e4 e6 2. d4 d5 3. exd5 exd5 4. h3 Nf6 5. a3 Be7 6. Nf3 0-0 7. Bd3 c6 8. 0-0 Re8 9. Be3 Nbd7 10. b3 a5 11. c4 h6 12. Nh2 Nb6 13. c5 Nbd7 14. Nc3 Nf8 15. b4 axb4 16. axb4 Bd7 17. Na4 Ne6 18. Qc2 Qc7 19. Nb6 Rab8 20. Qd2 Nf8 21. Bf4 Qd8 22. Bxb8 Qxb8 23. Ra8 Qc7 24. Rfa1 0-1

[Event "RN-2013-0-00662"]
[Site "LSS email"]
[Date "2013.07.02"]
[Round "?"]
[White "Marques, Paulo M"]
[Black "Hickl, Norbert"]
[Result "1-0"]
[WhiteElo "910"]
[BlackElo "985"]
[PlyCount "31"]
[EventDate "2013.06.21"]
[EventType "tourn (corr)"]
[EventRounds "6"]
[EventCountry "GER"]
[SourceTitle "Corr 2015"]
[Source "ChessBase"]
[SourceDate "2015.07.17"]
[SourceVersion "1"]
[SourceVersionDate "2015.07.17"]
[SourceQuality "1"]

1. e4 e6 2. d4 d5 3. exd5 exd5 4. h3 Nc6 5. Nf3 Bd6 6. Nc3 Nge7 7. Bg5 f6 8. Be3 Bf5 9. a3 Qd7 10. Bd3 0-0-0 11. Nh4 Bxd3 12. Qxd3 g5 13. Nf3 h5 14. 0-0-0 Na5 15. Qb5 a6 16. Qxa5 1-0

[Event "RN-2013-0-00662"]
[Site "LSS email"]
[Date "2013.07.02"]
[Round "?"]
[White "Marques, Paulo M"]
[Black "Lauer, Fredric"]
[Result "0-1"]
[WhiteElo "910"]
[BlackElo "989"]
[PlyCount "56"]
[EventDate "2013.06.21"]
[EventType "tourn (corr)"]
[EventRounds "6"]
[EventCountry "GER"]
[SourceTitle "Telechess CBM 161"]
[Source "ChessBase"]
[SourceDate "2014.07.16"]
[SourceVersion "1"]
[SourceVersionDate "2014.07.16"]
[SourceQuality "1"]

1. e4 c5 2. c4 Nc6 3. Nf3 g6 4. Be2 Bg7 5. a3 d6 6. h3 Nf6 7. Nc3 0-0 8. 0-0 a6 9. d3 Rb8 10. Nh2 Nd4 11. f4 Nxe2+ 12. Qxe2 b5 13. b3 Nxe4 14. Qxe4 Bxc3 15. Ra2 Bb7 16. Qe2 Bg7 17. Bb2 Qc7 18. Ng4 h5 19. Bxg7 Kxg7 20. Ne3 e6 21. Qf2 d5 22. cxd5 exd5 23. Qg3 d4 24. Nf5+ Kh7 25. Nh4 Rbe8 26. f5 Qxg3 27. fxg6+ fxg6 28. Nf3 Bxf3 0-1

[Event "RN-2013-0-00662"]
[Site "LSS email"]
[Date "2013.07.02"]
[Round "?"]
[White "Venturas, Bob"]
[Black "Marques, Paulo M"]
[Result "0-1"]
[WhiteElo "731"]
[BlackElo "910"]
[PlyCount "46"]
[EventDate "2013.06.21"]
[EventType "tourn (corr)"]
[EventRounds "6"]
[EventCountry "GER"]
[SourceTitle "Telechess CBM 161"]
[Source "ChessBase"]
[SourceDate "2014.07.16"]
[SourceVersion "1"]
[SourceVersionDate "2014.07.16"]
[SourceQuality "1"]

1. e4 e5 2. Nf3 d6 3. h3 Nf6 4. Nc3 a6 5. d4 Nc6 6. dxe5 Nxe5 7. Nxe5 dxe5 8. Qxd8+ Kxd8 9. Bg5 Bb4 10. 0-0-0+ Bd6 11. Nd5 Ke8 12. Nxf6+ gxf6 13. Bxf6 Rg8 14. g3 Rg6 15. Bh4 Be6 16. a3 Bc5 17. f3 Bf2 18. Bd3 Bxg3 19. Bxg3 Rxg3 20. Rdg1 Rxg1+ 21. Rxg1 Kf8 22. Kd2 Rd8 23. c3 Bc4 0-1